[Event "ITA-chT 2"]
[Site "Italy"]
[Date "1998.03.22"]
[Round "3"]
[White "Vitri, Sergio"]
[Black "Gregoratti, Ivaldi"]
[Result "0-1"]
[WhiteElo "2105"]
[BlackElo "1993"]
[PlyCount "90"]
[EventDate "1998.02.22"]
[EventType "team-match"]
[EventRounds "7"]
[EventCountry "ITA"]
[SourceTitle "EXT 2024"]
[Source "ChessBase"]
[SourceDate "2023.10.10"]
[SourceVersion "1"]
[SourceVersionDate "2023.10.10"]
[SourceQuality "1"]

1. d4 Nf6 2. Nf3 b6 3. Bg5 Bb7 4. Nbd2 d6 5. e3 Nbd7 6. Bd3 h6 7. Bh4 g5 8. Bg3 Bg7 9. Qe2 Nh5 10. 0-0-0 c5 11. c3 Rc8 12. Kb1 Rc7 13. Ne1 Nxg3 14. hxg3 Qb8 15. f4 Nf6 16. e4 cxd4 17. cxd4 Nd7 18. Nc2 e5 19. fxg5 exd4 20. gxh6 Be5 21. Qf2 Nc5 22. Bb5+ Kf8 23. Nxd4 Nxe4 24. Nxe4 Bxe4+ 25. Ka1 Qc8 26. Ba4 Rxh6 27. Rhe1 Rg6 28. Qd2 d5 29. Rh1 Rxg3 30. Qh6+ Kg8 31. Nc6 Bg7 32. Qc1 Qa6 33. Qf4 Rxg2 34. Ne7+ Kf8 35. Ng6+ Kg8 36. Ne7+ Kf8 37. Ng6+ Rxg6 38. Qxc7 Qxa4 39. Rhg1 Rxg1 40. Rxg1 Bxb2+ 41. Kxb2 Qd4+ 42. Kb3 Qxg1 43. Qb8+ Kg7 44. Qe5+ Kg6 45. Qd6+ f6 0-1

[Event "ITA-chT A2"]
[Site "ITA"]
[Date "1997.04.06"]
[Round "4"]
[White "Gregoratti, Ivaldi"]
[Black "Rosino, Antonio"]
[Result "1-0"]
[WhiteElo "1993"]
[BlackElo "2265"]
[PlyCount "87"]
[EventDate "1997.02.23"]
[EventType "team-tourn"]
[EventRounds "4"]
[EventCountry "ITA"]
[SourceTitle "EXT 2023"]
[Source "ChessBase"]
[SourceDate "2022.10.05"]
[SourceVersion "1"]
[SourceVersionDate "2022.10.05"]
[SourceQuality "1"]

1. e4 e5 2. Nf3 Nc6 3. Bb5 Nf6 4. d3 d6 5. c4 Be7 6. Nc3 0-0 7. h3 Nd4 8. Nxd4 exd4 9. Ne2 c5 10. 0-0 Ne8 11. f4 f5 12. Ng3 g6 13. exf5 gxf5 14. Qf3 Be6 15. Bd2 Qc7 16. Rae1 Ng7 17. Rxe6 Nxe6 18. Qd5 Rf6 19. Re1 Qc8 20. Nxf5 Bf8 21. Nxd4 cxd4 22. f5 Be7 23. fxe6 Qf8 24. Qxd4 d5 25. Qxd5 Rd8 26. Bd7 Rf2 27. Bc3 Qf4 28. Qe4 Rf8 29. Be5 Qd2 30. Bc3 Qg5 31. Be8 R8f3 32. Qg4 Qxg4 33. hxg4 Rf4 34. Be5 Bc5 35. d4 Rxd4 36. Bf7+ Rxf7 37. exf7+ Kxf7 38. Bxd4 Bxd4+ 39. Kf1 b6 40. b3 a5 41. Rd1 Bc5 42. Rd7+ Kg6 43. Ke2 h6 44. Kf3 1-0

[Event "ITA-chT A2"]
[Site "ITA"]
[Date "1997.03.23"]
[Round "3"]
[White "Gregoratti, Ivaldi"]
[Black "Rupeni, Franco"]
[Result "0-1"]
[WhiteElo "1993"]
[BlackElo "2240"]
[PlyCount "62"]
[EventDate "1997.02.23"]
[EventType "team-tourn"]
[EventRounds "4"]
[EventCountry "ITA"]
[SourceTitle "EXT 2023"]
[Source "ChessBase"]
[SourceDate "2022.10.05"]
[SourceVersion "1"]
[SourceVersionDate "2022.10.05"]
[SourceQuality "1"]

1. e4 e5 2. Nf3 Nc6 3. Bb5 a6 4. Ba4 Nf6 5. d3 Bc5 6. Bg5 h6 7. Bh4 d6 8. Nc3 g5 9. Nxg5 hxg5 10. Bxg5 Rg8 11. h4 Bg4 12. Qd2 Be6 13. f4 b5 14. Bb3 Nd4 15. Nd5 Nxb3 16. Nxf6+ Qxf6 17. axb3 Qg7 18. b4 Bb6 19. Qc3 f6 20. Qc6+ Ke7 21. fxe5 fxg5 22. exd6+ cxd6 23. Qxb6 Qxb2 24. 0-0 Rad8 25. Rxa6 gxh4 26. Qf2 h3 27. Ra7+ Ke8 28. g3 Rc8 29. Qb6 Qxb4 30. Qb7 d5 31. exd5 Qd4+ 0-1

[Event "Caorle op-B"]
[Site "Caorle"]
[Date "1991.07.10"]
[Round "5.5"]
[White "Gregoratti, Ivaldi"]
[Black "Facchetti, Gianni"]
[Result "0-1"]
[WhiteElo "1924"]
[BlackElo "2043"]
[PlyCount "73"]
[EventDate "1991.07.05"]
[EventType "swiss"]
[EventRounds "8"]
[EventCountry "ITA"]
[SourceTitle "EXT 2023"]
[Source "ChessBase"]
[SourceDate "2022.10.05"]
[SourceVersion "1"]
[SourceVersionDate "2022.10.05"]
[SourceQuality "1"]

1. e4 e5 2. Nc3 Nf6 3. f4 d5 4. fxe5 Nxe4 5. Nf3 Be7 6. Qe2 Nc5 7. d4 Ne6 8. Be3 c6 9. Qf2 Qb6 10. 0-0-0 a5 11. Bd3 Na6 12. a3 Bd7 13. h4 h6 14. g4 0-0-0 15. g5 h5 16. Nd2 Rdg8 17. Nb3 Nac7 18. Na4 Qa7 19. Nbc5 Nxc5 20. dxc5 Na8 21. c4 Be6 22. cxd5 Bxd5 23. Nb6+ Nxb6 24. cxb6 Qb8 25. Qd2 g6 26. Bf4 Qa8 27. Rhe1 Be6 28. Qc3 Rd8 29. Be3 Rd7 30. Bc5 Bf8 31. Bf1 Rg8 32. Rxd7 Bxd7 33. Rd1 Be6 34. Qd4 a4 35. Bc4 Bg4 36. Bxf7 Bxd1 37. Bxg8 0-1

[Event "Secondario 15th"]
[Site "Caorle"]
[Date "1990.07.12"]
[Round "6.19"]
[White "Pepe, Mario"]
[Black "Gregoratti, Ivaldi"]
[Result "0-1"]
[WhiteElo "1800"]
[BlackElo "1929"]
[PlyCount "65"]
[EventDate "1990.07.07"]
[EventType "swiss"]
[EventRounds "8"]
[EventCountry "ITA"]
[SourceTitle "EXT 2023"]
[Source "ChessBase"]
[SourceDate "2022.10.05"]
[SourceVersion "1"]
[SourceVersionDate "2022.10.05"]
[SourceQuality "1"]

1. f4 d5 2. Nf3 Nf6 3. b3 g6 4. Bb2 Bg7 5. e3 0-0 6. Be2 c5 7. 0-0 Nc6 8. Qe1 d4 9. exd4 cxd4 10. Bc4 Nd5 11. Ne5 Bf5 12. Na3 Ndb4 13. c3 Nxe5 14. fxe5 Nd3 15. Bxd3 Bxd3 16. Rf3 dxc3 17. dxc3 Qb6+ 18. Kh1 Rad8 19. Rd1 Be4 20. Rf1 Rxd1 21. Qxd1 Rd8 22. Qe1 Bd3 23. Rf4 Rd5 24. c4 Rd7 25. Nb5 a6 26. Nd4 Bxc4 27. bxc4 Qxb2 28. Nf3 Bxe5 29. Re4 Bc3 30. Re2 Bxe1 31. Rxb2 Rd1 32. Ng1 Bc3 33. Rxb7 0-1

[Event "Secondario 15th"]
[Site "Caorle"]
[Date "1990.07.11"]
[Round "5.21"]
[White "Gregoratti, Ivaldi"]
[Black "Bukal, Vladimir Jr"]
[Result "1-0"]
[WhiteElo "1929"]
[BlackElo "1800"]
[PlyCount "53"]
[EventDate "1990.07.07"]
[EventType "swiss"]
[EventRounds "8"]
[EventCountry "ITA"]
[SourceTitle "EXT 2023"]
[Source "ChessBase"]
[SourceDate "2022.10.05"]
[SourceVersion "1"]
[SourceVersionDate "2022.10.05"]
[SourceQuality "1"]

1. e4 e6 2. d4 d5 3. Nc3 Bb4 4. e5 c5 5. Qg4 Ne7 6. dxc5 d4 7. a3 Bxc5 8. Ne4 Qd5 9. b4 Qxe5 10. Nf3 Qd5 11. Nxc5 b6 12. Nb3 Nbc6 13. Bd3 g6 14. Qe4 f5 15. Qxd5 Nxd5 16. Nbxd4 Nxd4 17. Nxd4 0-0 18. 0-0 Bd7 19. Re1 Kf7 20. Bc4 Rfe8 21. Nf3 Ba4 22. Ng5+ Kf6 23. Nxh7+ Kg7 24. Ng5 Rac8 25. Bb2+ Kh6 26. Nf7+ Kh7 27. Nd6 1-0

[Event "Caorle op"]
[Site "Caorle"]
[Date "1989.??.??"]
[Round "2"]
[White "Falchetta, Giovanni"]
[Black "Gregoratti, Ivaldi"]
[Result "1-0"]
[WhiteElo "2155"]
[BlackElo "1975"]
[PlyCount "43"]
[EventDate "1989.07.??"]
[EventType "swiss"]
[EventRounds "8"]
[EventCountry "ITA"]
[SourceTitle "EXT 2000"]
[Source "ChessBase"]
[SourceDate "1999.11.16"]
[SourceVersion "1"]
[SourceVersionDate "1999.11.16"]
[SourceQuality "1"]

1. d4 d5 2. c4 e6 3. Nc3 Nf6 4. cxd5 exd5 5. Bg5 c6 6. Qc2 Nbd7 7. e3 Be7 8. Bd3 0-0 9. Nf3 Re8 10. 0-0 Ne4 11. Bxe4 Bxg5 12. Bxh7+ Kh8 13. Bd3 Bh6 14. b4 f6 15. b5 Nb8 16. Rab1 a6 17. bxc6 Nxc6 18. Nh4 g5 19. Nf5 Bf8 20. Qd1 Bxf5 21. Bxf5 Re7 22. Qf3 1-0